| 000 | 00919nam a2200253Ia 4500 | ||
|---|---|---|---|
| 003 | OSt | ||
| 005 | 20221005111922.0 | ||
| 006 | a|||||r|||| 00| 0 | ||
| 007 | ta | ||
| 008 | 221004b |||||||| |||| 00| 0 hin d | ||
| 024 | _a108116 | ||
| 037 | _cTextual | ||
| 040 |
_aCRL _cCRL _bhin |
||
| 041 |
_2hin _ahin |
||
| 082 | _aO152,1M89,18:g(Q23), K8 | ||
| 100 | _aजोशी, भॅंवर लाल | ||
| 245 | 0 | _aकाश्मीर शैव दर्शन और कामायनी | |
| 246 | _aKāshmīr shaiv darshan aur kāmāyanī | ||
| 260 |
_aवाराणसी _bचौखम्बा संस्कृत सीरीज आफिस भारत _c1968 |
||
| 300 |
_a336पृ0 _ccm. |
||
| 650 | _aहिन्दी साहित्य | ||
| 942 |
_hO152,1M89,18:g(Q23), K8 _cTEXL _2cc |
||
| 999 |
_c1023294 _d1023294 |
||